[Event "Moscow4"]
[Site "Moscow"]
[Date "1995.??.??"]
[Round "3"]
[White "Margolin, Boris"]
[Black "Zagrebelny, Sergey"]
[Result "0-1"]
[WhiteElo "2390"]
[BlackElo "2510"]
[Annotator "Belov,I"]
[PlyCount "104"]
[EventDate "1995.??.??"]
[EventType "tourn"]
[EventRounds "9"]
[EventCountry "RUS"]
[EventCategory "8"]
[SourceTitle "CBM 047 Extra"]
[Source "ChessBase"]
[SourceDate "1995.09.01"]
[SourceVersion "1"]
[SourceVersionDate "1995.09.01"]
[SourceQuality "1"]

1. e4 c5 2. c3 d5 3. exd5 Qxd5 4. d4 Nf6 5. Nf3 e6 6. Be3 cxd4 7. cxd4 Nc6 8.
Nc3 Qd6 9. a3 Be7 10. Bd3 O-O 11. Qc2 (11. O-O b6 12. Qe2 Bb7 13. Rad1 Rfe8 14.
Rfe1 Nd5 15. Nxd5 exd5 16. Bg5 g6 17. Bh6 Rad8 $10 {Short,N-Tiviakov,S/Wijk/
1995/0,5/22/}) 11... h6 (11... g6 12. O-O b6 13. Ne4 Nxe4 14. Bxe4 Bb7 15. Rad1
Na5 $10 {Vogt,L-Bezold,M/Altensteig/1994/0,5/47/}) 12. Rd1 Bd7 13. O-O Rac8 (
13... Rfd8 14. Qe2 Bf8 15. Bc1 g6 (15... Rac8 16. Rfe1 Be8 17. Bb1 g6 18. Ba2
Bg7 19. h3 Ne7 20. Ne5 $14 {Rozentalis,E-Andersson,U/Tilgurg/1993/1:0/62/}) 16.
Bb1 Bg7 17. Rfe1 Be8 18. Ba2 Rac8 $14 {Sermek,D-Zagrebelny,S/Ljubljana op/1994/
0:1/69/}) 14. Qd2 $146 (14. Qe2 Rfd8 15. Bb1 Be8 16. Rfe1 $14) 14... e5 $5 (
14... Rfd8 15. Bxh6 gxh6 16. Qxh6 $40) 15. Nb5 Qd5 16. Nc3 Qd6 17. Nb5 Qd5 (
17... Qb8 18. Nxe5 Nxe5 19. Bf4 (19. dxe5 Qxe5 20. Nxa7 Rcd8 $13) 19... Nfg4
20. dxe5 Nxe5 21. Rfe1 $16) 18. Nc3 (18. Bxh6 e4 19. Nc3 Qh5 20. Bxg7 Kxg7 21.
Nxe4 Nxe4 22. Bxe4 $17) (18. dxe5 Nxe5 19. Bh7+ Kxh7 20. Qxd5 Nxd5 21. Nxe5
Bxb5 $17) 18... Qd6 19. dxe5 Nxe5 20. Nxe5 Qxe5 21. Rfe1 Bd6 $5 (21... Qh5 22.
Bxa7 Bd6 23. Bh7+ Kxh7 24. Qxd6 $16) 22. f4 (22. g3 Qh5 $15) 22... Qh5 23. Be2
Bg4 $8 24. Qxd6 (24. Bxg4 Nxg4 25. h3 (25. Qxd6 Rfe8 26. Bd4) 25... Nxe3 26.
Rxe3 Bc5 $19) 24... Bxe2 25. Nxe2 (25. Rxe2 Rxc3 26. bxc3 Qxe2 $15) 25... Ng4
26. Bxa7 Qxh2+ 27. Kf1 Rfe8 28. Bg1 (28. Ng1 Qh1 29. g3 Nh2+ 30. Kf2 Ng4+ 31.
Kf1) 28... Qh1 29. Ng3 Rxe1+ 30. Rxe1 Nh2+ 31. Kf2 Ng4+ 32. Kf3 (32. Kf1 Nh2+
$10) 32... Nh2+ 33. Kf2 Ng4+ 34. Kf3 Nh2+ 35. Bxh2 $6 (35. Kf2 $10) 35... Qxe1
36. Kg4 (36. Qd3 $5) 36... Qf2 37. Kh3 (37. b4 Qxg2 $19) 37... Qxb2 $15 38. Bg1
Qb3 39. Bd4 Rc6 40. Qb8+ Kh7 41. f5 Rc4 42. Qe5 f6 43. Qe6 $6 (43. Qd6 Qd3 44.
Bc5 $15) 43... Qd3 44. Be3 Rc3 45. Bf4 Rxa3 $17 46. Kh2 Qd1 47. Qe7 (47. Qf7
Qg4 48. Bd6 Rd3 49. Bc7 Qh4+ 50. Kg1 Rd1+ 51. Kf2 Qd4+ $19) 47... Ra1 48. Ne4 (
48. Qf7 Qg4 $19) 48... Qh5+ 49. Kg3 Qxf5 $19 50. Be3 Re1 51. Nd6 Qd3 52. Kf2
Qe2+ 0-1

[Event "Riga zt"]
[Site "Riga"]
[Date "1995.??.??"]
[Round "3"]
[White "Rausis, Igors"]
[Black "Piesina, Gintautas"]
[Result "1-0"]
[WhiteElo "2495"]
[BlackElo "2400"]
[Annotator "Belov,I"]
[PlyCount "55"]
[EventDate "1995.03.??"]
[EventType "tourn"]
[EventRounds "13"]
[EventCountry "LAT"]
[EventCategory "10"]
[SourceTitle "CBM 047"]
[Source "ChessBase"]
[SourceDate "1995.08.01"]
[SourceVersion "1"]
[SourceVersionDate "1995.08.01"]
[SourceQuality "1"]

1. e4 {Blatny,P} c5 2. c3 Nf6 3. e5 Nd5 4. Nf3 Nc6 5. d4 cxd4 6. cxd4 d6 7. Bc4
e6 (7... Nb6 8. Bb5 dxe5 9. Nxe5 Bd7 10. Bxc6 Bxc6 11. Nxc6 bxc6 12. O-O g6 13.
Re1 Bg7 14. Bg5 O-O 15. Bxe7 Qxd4 16. Qxd4 Bxd4 17. Nd2 $10 {Dolmatov,
S-Alterman,B/Pardubice/1993/0,5/31/}) 8. O-O Be7 (8... Nb6 9. Bd3 Nb4 10. Be2
dxe5 11. Nxe5 Nc6 (11... Bd7 12. Bh5 g6 13. Bf3 Nc6 14. Nc3 Bg7 15. Bf4 O-O 16.
Qd2 Nxe5 17. dxe5 Bc6 18. Qe2 {Polak,T-Wittmann,W/Mitropa Cup(08)/1995/0,5/
CBM46/}) 12. Bb5 (12. Nxc6 bxc6 13. Bf3 Nd5 14. Qc2 Bd7 15. Nc3 Be7 16. Na4 O-O
17. Bd2 $14 {Sermek,D-Robatch,K/Mitrona Cup(02)/0,5/43/1995/CBM46/}) 12... Bd7
13. Nc3 Be7 14. Qf3 O-O 15. Rd1 Nxe5 16. dxe5 Qc7 17. Qg3 $14 {Sveshnikov,
E-Akopian,V/Tilburg(02)/1994/0,5/62/CBM44/}) 9. Qe2 O-O (9... Qc7 10. Qe4 dxe5
11. dxe5 Bd7 12. Bd2 O-O 13. Bxd5 exd5 14. Qxd5 Bf5 15. Qc4 $14 {Sermek,
D-Kozul,Z/Portoroz Vidmar/1993/1:0/61/}) 10. Nc3 (10. Qe4 Qc7 (10... b6 11. Bd3
g6 12. Bh6 Re8 13. Nc3 Ncb4 14. Be2 Bb7 15. Nxd5 Bxd5 16. Qf4 $14 {Berelovich,
A-Obukhov,A/Sochi/1993/1:0/31/}) 11. Bd3 g6 12. Bh6 Rd8 13. Nbd2 (13. Nc3 $5)
13... dxe5 14. dxe5 Nb6 15. Rac1 Nd7 16. Bb5 Ndxe5 17. Nxe5 Qxe5 18. Bxc6 Qh5
19. Bxb7 $10 {Sermek,D-Kozul,Z/Maribor Pirc/1993/0:1/39/}) (10. a3 $5 {Blatny,
P /\Nd2-e4->(><f4)}) 10... Nxc3 (10... Nb6 {Blatny,P} 11. Bd3 {פb6}) 11. bxc3
dxe5 {/\קc3,e5} (11... b6 12. Bd3 Bb7 13. exd6 Qxd6 14. Ng5 Bxg5 15. Bxg5 $14
{Sveshnikov,E-Taimanov,M/Moscow URS-ch/1976/0,5/20/}) (11... d5 {Blatny,P} 12.
Bd3 {/\->,/^b1-h7}) 12. dxe5 Qc7 13. Bd3 $5 (13. Qe4 Bd7 14. Re1 (14. Bd3 g6
15. Bh6 Rfd8 16. Rad1 $14) 14... Rac8 15. Bg5 (15. Bd3 $14) 15... Nxe5 $1 16.
Bxe7 Nxf3+ 17. gxf3 Qxc4 18. Bxf8 Qxe4 19. fxe4 Kxf8 $14 {Sveshnikov,E-Cvitan,
O/Tilgurg(m/2)/1993/0,5/39/}) (13. Qe4 {Blatny,P:Sizilianisch mit c3 Diskette.}
) 13... Rd8 (13... Bd7 14. Re1 (14. Qe4 g6 15. Re1 Rfd8 16. Bg5 Bxg5 17. Nxg5
Qxe5 18. Qh4 Qg7 19. Ne4 $44) 14... Rfd8 15. Bg5 Be8 $1 16. Qe4 g6 $10 {
Sikora,J-Szilagy,G/Stary Smokovec/1977/}) (13... b6 14. Qe4 (14. Re1 {Blatny,P}
Bb7 15. Ng5 $40 {Kopp-Degenhardt/Triberg/1991/}) 14... g6 15. Bh6 Rd8 16. Rad1
Bb7 {Biro-Smuter/Budapest op/1990/} 17. Qf4 Rd7 (17... Rd5 18. Be4 Rxd1 19.
Rxd1 Rd8 20. Rxd8+ Qxd8 21. h4 $14 {Sveshnikov,E-Oll,L/URS-ch 1L,Kuibyshev/
1986/1:0/25/}) 18. Be4 Rad8 19. Rxd7 Rxd7 20. h4 $14 {Machulsky,A-Zaichik,G/
Vilnius(08)/1978/0,5/35/}) 14. Re1 Bd7 {/\Be8,Bf8,g6} 15. Bg5 h6 $6 (15... Be8
16. Qe4 g6 $10) (15... Bxg5 {Blatny,P} 16. Nxg5 $40) 16. Bxh6 $1 (16. Qe4 $4
Bxg5 $19) 16... gxh6 17. Qe4 f5 (17... Bc5 18. Qh7+ Kf8 19. Nh4 $1 (19. Qxh6+ {
Blatny,P} Ke8 20. Re4 {/\Rg4-g8}) 19... Qb6 (19... Be8 20. Rad1 (20. Ng6+ fxg6
21. Qxc7 Rxd3 $13) 20... Nxe5 21. Qxh6+ Ke7 22. Qg5+ f6 23. Qg7+ Bf7 24. Rxe5
Rg8 (24... fxe5 25. Ng6+ Ke8 26. Bb5+ $18) 25. Nf5+ Ke8 26. Rxe6+ Bxe6 27. Qxc7
$18) 20. Ng6+ fxg6 21. Qxh6+ Kg8 22. Qxg6+ Kf8 23. Qh6+ Kg8 24. Bh7+ Kf7 25.
Bg6+ $18) 18. exf6 Bxf6 19. Qh7+ Kf8 20. Re4 (20. Rxe6 {Blatny,P} Bxe6 (20...
Qf4 21. Re4 $18) 21. Qxc7 Rxd3 22. Qxb7 Rc8 23. Re1 Bd7 $132) 20... Bg7 (20...
Ne7 $5 21. Rae1 Qxc3 22. Ne5 Be8 (22... Bxe5 23. Rxe5 Qd2 24. R5e3 $18) 23.
Qxh6+ Bg7 24. Qxe6 $36) 21. g3 {/\Rf4} (21. Rg4 {Blatny,P} Be8) 21... e5 $6 {
גc4-g8} (21... Ne7 22. Rae1 (22. Rc4 {Blatny,P} Qa5 $8) 22... Qxc3 23. Ne5 $36
) 22. Bc4 Ne7 $8 23. Nh4 (23. Nxe5 $18 {Blatny,P}) 23... Qd6 (23... Bc6 24.
Ng6+ Nxg6 25. Qg8+ Ke7 26. Qxg7+ Ke8 27. Qxg6+ $18) (23... Qc6 {Blatny,P} 24.
Rxe5 Qxc4 25. Rxe7 Kxe7 26. Qxg7+ Kd6) 24. Re3 (24. Rae1 $142 {Blatny,P}) 24...
Bc6 (24... Qf6 {Blatny,P} 25. Rae1 Bf5 26. Nxf5 Qxf5 27. Qxf5+ Nxf5 28. Rf3 $16
) 25. Rae1 $18 b5 (25... e4 {Blatny,P} 26. Rxe4 Bxe4 27. Rxe4) 26. Bb3 e4 (
26... Qf6 27. Rxe5 Qxe5 28. Rxe5 Bxe5 29. Qf7#) (26... a5 27. Rxe5 Qxe5 28.
Rxe5 $18) 27. Rxe4 $1 Bxe4 28. Rxe4 1-0

[Event "St Petersburg op2"]
[Site "St Petersburg"]
[Date "1994.??.??"]
[Round "9"]
[White "Nadyrhanov, Sergey"]
[Black "Zvjaginsev, Vadim"]
[Result "0-1"]
[WhiteElo "2475"]
[BlackElo "2585"]
[Annotator "Belov,I"]
[PlyCount "84"]
[EventDate "1994.10.??"]
[EventType "swiss"]
[EventRounds "9"]
[EventCountry "RUS"]
[SourceTitle "CBM 043 Extra"]
[Source "ChessBase"]
[SourceDate "1995.01.01"]
[SourceVersion "1"]
[SourceVersionDate "1995.01.01"]
[SourceQuality "1"]

1. e4 c5 2. Nf3 e6 3. c3 Nf6 4. e5 Nd5 5. d4 cxd4 6. cxd4 b6 7. Nc3 Bb7 8. Bd3
Nxc3 (8... Be7 $6 9. O-O O-O 10. Qe2 f5 11. Bd2 $1 $16 {Illescas Cordoba,
M-Polgar,J/Linares/1994/1:0/40/}) 9. bxc3 Qc7 10. Bd2 d6 11. O-O Nd7 12. Ng5 (
12. Re1 dxe5 13. Nxe5 Nxe5 14. Rxe5 Bd6 15. Bb5+ Bc6 16. Qf3 $1 O-O-O 17. Bxc6
Bxe5 18. a4 Rd6 $1 $13 {Segueira,R-Akopian,V/Manila/1991/}) 12... dxe5 13. Qh5
g6 14. Qh3 Be7 (14... Bg7 15. Rae1 $36) (14... Bd5 $5 15. c4 Bb7 16. Rfe1 Be7
17. dxe5 Nc5 18. Bc2 O-O-O $13) 15. Rfe1 (15. Rae1 a6 16. dxe5 Nc5 17. Bc2
O-O-O 18. Bf4 Rdf8 $13) 15... Rf8 $1 {N; /\16...0-0-0/} (15... a6 16. dxe5 Nc5
17. Bc2 O-O-O {Ivanov,V-Sobolev,P/URS/1994/1:0/46/ Inf 59/177/}) (15... h6 16.
dxe5 Nc5 17. Bb5+ Kf8 $13 {Ivanov/}) 16. dxe5 (16. Nxh7 $6 Rh8 $15) (16. Qxh7
O-O-O (16... Nf6 17. Bb5+ Bc6 18. Bxc6+ Qxc6 19. Qh3 $13) 17. Nxf7 Nf6 18. Qg7
Rg8 19. Qh6 $13) 16... O-O-O 17. Bf4 Nc5 18. Bc2 h6 $1 $15 19. Qxh6 $6 (19. Ne4
Nxe4 20. Bxe4 Bxe4 21. Rxe4 h5 $15) (19. Nf3 Nd3 20. Bxd3 Rxd3 $17) 19... Rh8
20. Qg7 Rh4 $1 $17 21. Nxf7 (21. Qxf7 $2 Rf8 22. Qg7 Rhxf4 $19) (21. g3 Bxg5
22. Bxg5 Qc6 $19) (21. Bg3 Bxg5 22. Bxh4 Bxh4 $17) 21... Rxf4 22. Nxd8 Qxd8 23.
Rad1 (23. Qxg6 Qd2 24. Rf1) 23... Qf8 24. Qxf8+ Rxf8 25. Rd4 (25. Bxg6 Rg8)
25... g5 $1 26. Bd1 (26. Bb3 b5 27. h3 a5 $17) 26... Kc7 27. Bg4 b5 28. Re3 Bd5
29. Rh3 Rf7 30. Be2 (30. a3 Nb3 $19) 30... Bxa2 31. Bxb5 a5 $19 32. c4 a4 33.
Be8 Rg7 34. Bxa4 $6 (34. Ra3 Bb3 35. h3 Kb6 36. Kh2 Ka5 $19) 34... Nxa4 35. Rd2
Bb1 36. Rg3 Nc5 37. Rb2 Be4 38. Ra3 Rf7 39. f3 Bc6 40. Ra7+ Bb7 41. Ra3 g4 42.
fxg4 Nd3 $1 (42... Nd3 43. Rxd3 Bc5+ 44. Kh1 Rf1#) 0-1

[Event "Kemerovo1"]
[Site "Kemerovo"]
[Date "1995.??.??"]
[Round "11"]
[White "Kharlov, Andrei"]
[Black "Iskusnyh, Sergei"]
[Result "1-0"]
[WhiteElo "2555"]
[BlackElo "2430"]
[Annotator "Belov,I"]
[PlyCount "55"]
[EventDate "1995.08.??"]
[EventType "tourn"]
[EventRounds "11"]
[EventCountry "RUS"]
[EventCategory "12"]
[SourceTitle "CBM 050"]
[Source "ChessBase"]
[SourceDate "1996.02.01"]
[SourceVersion "1"]
[SourceVersionDate "1996.02.01"]
[SourceQuality "1"]

1. e4 {Giese} c5 2. c3 e6 3. d4 d5 4. exd5 exd5 5. Nf3 Nf6 (5... Nc6 6. Bb5 Bd6
7. dxc5 Bxc5 8. O-O Nge7) 6. Be2 Be7 7. dxc5 Bxc5 8. O-O Nc6 (8... O-O 9. Nbd2
Bg4 10. Nb3 Bb6 11. Nbd4 Nbd7 (11... Nc6 $142) 12. Be3 Re8 13. Re1 Rc8 14. h3
Bh5 15. Nf5 Bc7 16. Bd4 $14 {Dorfman,I-Furman,S/URS-ch/1975/1:0/60/}) 9. Bg5
Be6 10. Nbd2 O-O (10... h6 11. Bh4 Bb6 12. Nb3 g5 $5 13. Bg3 Ne4 14. Nfd4 Nxg3
15. hxg3 Qf6 16. Bb5 Bd7 17. Re1+ Kf8 $13 {Okhotnik,V-Velimirovic,D/Belgrade/
1988/0:1/60/}) 11. Nb3 Be7 (11... Bb6 $5 12. Nbd4 Bg4 13. h3 Nxd4 14. Nxd4 Bxe2
15. Nxe2 h6 16. Bh4 Re8 17. Qd3 Qe7 18. Nd4 Qe4 $10 {Kengis,E-Miezis,N/Riga zt/
1995/0,5/27/}) 12. Nfd4 h6 (12... Ne4 13. Bxe7 Qxe7 14. Bd3 Qh4 $14) 13. Bf4
Qd7 (13... Bd6 $5 14. Bxd6 Qxd6 15. Bd3 Rfe8 $14) 14. Re1 Rfe8 15. Bd3 Bf8 (
15... Bd6 $5) 16. h3 Rad8 17. Qf3 Nh7 18. Re2 Qc8 $6 (18... Bd6 19. Rae1 Bxf4
20. Qxf4 Nf6 21. Bf5 (21. Nf5 Bxf5 22. Bxf5 Rxe2 23. Rxe2 Qd6 $14) 21... Bxf5
22. Nxf5 Rxe2 23. Rxe2 $14) 19. Nxe6 $1 fxe6 (19... Rxe6 20. Bf5 $18) 20. Bg6
Re7 21. Rae1 $16 Nf6 $2 (21... b6) 22. Bxh6 {[%csl Rf6]} gxh6 23. Qxf6 Bg7 24.
Qh4 $18 e5 (24... Rf8 25. Nd4 Nxd4 26. Qxe7 (26. cxd4 Rf6) 26... Nxe2+ 27. Rxe2
Rf6 28. Bh5 $18) 25. Nd4 $1 {[%cal Ge2e7]} exd4 (25... Nxd4 26. cxd4 {[%csl
Re7]} Qd7 (26... Qc7 {Giese} 27. dxe5 d4 28. e6 $18) 27. dxe5 $18) (25... Rdd7
26. Nf5 Re6 27. Nxh6+ Bxh6 (27... Kf8 {Giese} 28. Qg4 Red6 29. Nf5 $18) 28.
Qxh6 Rg7 29. Bf5 $18) (25... Red7 {Giese} 26. Ne6 $18) (25... Rc7 {Giese} 26.
Bf5 {[%csl Re6]} Nxd4 27. cxd4 (27. Bxc8 Nxe2+ 28. Rxe2 Rdxc8 $18) 27... Qb8
28. dxe5 $18) 26. Rxe7 Nxe7 27. Rxe7 dxc3 (27... Rd7 28. Qg4 Rc7 29. Bh7+ $18)
(27... Kh8 {Giese} 28. Bd3 $3 Re8 (28... Qc5 29. Rxg7 $18) (28... dxc3 29. Qg3
{[%csl Rg7]} Bf6 30. Rh7#) 29. Qg4 {[%csl Rg7]} Qxg4 (29... Rg8 30. Qg6 $18)
30. Rxe8+ Bf8 31. hxg4 $18) (27... Qc5 {Giese} 28. Bf7+ Kh8 (28... Kf8 29. Rxb7
{[%csl Rd8]} Qd6 30. Bxd5 $18) 29. Re6 {[%csl Rd8,Rh6][%cal Ye6h6]} Qf8 30.
cxd4 $18) 28. Qg3 $1 {[%csl Rg7][%cal Yg6h7] #5} (28. Qg3 cxb2 (28... Kh8 29.
Rxg7 Kxg7 30. Bf5+ Kh8 31. Bxc8 $18) 29. Bh7+ Kxh7 30. Qxg7#) 1-0

[Event "RUS-ch"]
[Site "Elista"]
[Date "1994.??.??"]
[Round "4"]
[White "Sveshnikov, Evgeny"]
[Black "Ragozin, Evgeni"]
[Result "1/2-1/2"]
[WhiteElo "2585"]
[BlackElo "2510"]
[Annotator "Belov,I"]
[PlyCount "77"]
[EventDate "1994.09.??"]
[EventType "swiss"]
[EventRounds "11"]
[EventCountry "RUS"]
[SourceTitle "CBM 044"]
[Source "ChessBase"]
[SourceDate "1995.02.01"]
[SourceVersion "1"]
[SourceVersionDate "1995.02.01"]
[SourceQuality "1"]

1. e4 c5 2. c3 Nf6 3. e5 Nd5 4. Nf3 Nc6 5. Bc4 Nb6 6. Be2 $5 $146 (6. Bb3 c4 (
6... d5 7. exd6 exd6 (7... Qxd6 $5) 8. d4 Bg4 9. h3 (9. dxc5 $32 dxc5 10. O-O)
9... Bh5 10. Be3 Be7 11. dxc5 dxc5 12. Na3 O-O 13. O-O Qc8 $13 {Ivanchuk,V/
Kasparov,G/Dortmund/1992/0,5/27/}) 7. Bc2 g6 8. Na3 d6 (8... d5 $32) 9. Qe2 d5
10. h3 Bg7 11. O-O Nd7 $6 (11... O-O $32) 12. e6 $16 {Anand,V-Gelfand,B/Wijk
aan Zee(m/7)/1994/0,5/86/}) 6... d6 7. exd6 Qxd6 (7... exd6 8. d4 Be7 9. O-O
O-O 10. Bf4 $14) 8. O-O Bf5 (8... e6 9. Na3 a6 10. Nc2 Be7 11. d4 $14) 9. Na3
a6 10. d4 cxd4 11. Nxd4 $5 (11. cxd4 g6 12. Nc4 Nxc4 13. Bxc4 Bg7 $10) 11...
Nxd4 12. cxd4 Be6 $5 (12... e6 13. Bf3 Nd5 14. Nc4 Qd8 15. Ne3 $14) 13. b3 $5
Rc8 14. Bb2 Nd5 (14... g6 $2 15. d5) 15. Rc1 (15. Qd2 $32 g6 16. Nc4 Qd8 17.
Rac1 Bg7 18. Na5 $14) 15... Rxc1 16. Qxc1 g6 17. Nc4 Qd8 18. Bf3 Bg7 19. Ne3
O-O 20. Qc5 b6 21. Qc6 Nxe3 (21... Nb4 22. Qb7 Nxa2 23. d5 Bxb2 24. dxe6 $13)
22. fxe3 Qb8 $10 23. Qc2 {/\ e4} Qd6 24. Qf2 f5 $1 25. Rc1 Rc8 26. Rxc8+ Bxc8
27. Qc2 Be6 28. Qc6 Qxc6 29. Bxc6 Kf7 30. Kf2 Bf6 31. Ke2 g5 32. Bc3 Bc8 33. b4
Be6 34. a3 Bc4+ 35. Kf2 Ke6 {/\ 36...Bd5-/+} 36. e4 $1 Kd6 37. Ba8 fxe4 38.
Bxe4 h6 39. a4 1/2-1/2

[Event "Ashkhabad-A"]
[Site "Ashkhabad"]
[Date "1996.??.??"]
[Round "7"]
[White "Ivanov, Victor L"]
[Black "Batyrov, Sapar"]
[Result "0-1"]
[WhiteElo "2450"]
[BlackElo "2360"]
[Annotator "Belov,I"]
[PlyCount "38"]
[EventDate "1996.??.??"]
[EventType "tourn"]
[EventRounds "13"]
[EventCountry "TKM"]
[EventCategory "9"]
[SourceTitle "CBM 053"]
[Source "ChessBase"]
[SourceDate "1996.08.01"]
[SourceVersion "1"]
[SourceVersionDate "1996.08.01"]
[SourceQuality "1"]

1. e4 c5 2. c3 d5 3. exd5 Qxd5 4. d4 e6 5. Na3 (5. Nf3) 5... Qd8 (5... a6 6.
Nc4 Nd7 7. Nf3 Ngf6 8. Be2 Be7 9. O-O O-O 10. Nfe5 cxd4 11. cxd4 Nxe5 12. dxe5
Nd7 13. Bf4 $14 {Sveshnikov,E-Zhelnin,V/St-Peterburg op/1994/1:0/60/}) (5...
cxd4 6. Nb5 Na6 7. Qxd4 Qxd4 (7... Nf6 8. Be3 Qxd4 9. Bxd4 $14) 8. Nxd4 Nc7 9.
Ngf3 (9. Bf4 Nd5 10. Bb5+ Bd7 11. Bxd7+ Kxd7 12. Bg3 Bd6 13. c4 $14 {Kharlov,
A-Tunik,G/URS/1990/}) 9... f6 10. Nb5 Nxb5 11. Bxb5+ Bd7 12. Bxd7+ Kxd7 13. Be3
e5 14. O-O-O+ Kc6 15. Rd2 $16 {Zhuravlev,V-Makarov,M/Podolsk/1990/1:0/27/}) (
5... Nf6 6. Nb5 Na6 (6... Qd8 7. dxc5 Bxc5 8. Qxd8+ Kxd8 9. Bf4 Nd5 10. O-O-O
Nd7 11. Bg3 a6 12. Nd4 Ke7 13. c4 N5f6 14. Ngf3 $14 {Vorotnikov,V-Szymczak,Z/
GER/1994/1:0/63/}) 7. Be3 cxd4 8. Qxd4 Qxd4 9. Bxd4 b6 10. a4 Nd7 11. a5 Kd8
12. Nf3 f6 13. Bc4 $16 {Sermek,D-Bukic,E/Bled/1992/1:0/30/}) 6. Bf4 cxd4 (6...
Nf6 7. dxc5 (7. Nb5 Nd5 8. Bxb8 Rxb8 9. Nxa7 Bd7 10. Nb5 Be7 11. Nf3 O-O 12.
Be2 Nf4 13. O-O Qb6 14. a4 cxd4 15. cxd4 Rfd8 16. Bc4 Bf6 $44 {Mukhametov,
E-Kiselev,S/Orel/1994/0:1/37/}) 7... Nd5 8. Bd6 Bxd6 9. cxd6 Qxd6 10. g3 O-O
11. Bg2 Qa6 12. Qe2 Bd7 13. Nf3 Qxe2+ 14. Kxe2 Bc6 15. Rhd1 $14 {Vorotnikov,
V-Stepanov,P/Moscow/1992/0,5/43/}) 7. Nb5 Na6 8. Qa4 Bd7 9. Qxd4 Nf6 (9... Bc6
10. Nd6+ Bxd6 11. Bxd6 f6 $14) 10. O-O-O $2 (10. Nf3 Bc6 11. Nd6+ Bxd6 12. Bxd6
$14) 10... Qa5 $1 11. Nd6+ (11. a4 Nd5 (11... Bc5 12. Nd6+ Bxd6 13. Bxd6 Qxa4
$15) 12. Bg3 Nc5 $36) 11... Bxd6 12. Bxd6 Qxa2 13. Ba3 (13. Nf3 O-O-O 14. Bxa6
(14. Qxa7 Qa1+ 15. Kd2 Qxb2+ 16. Ke1 Qxc3+ $19) 14... Qxa6 15. Qc5+ Bc6 $17)
13... O-O-O 14. Bxa6 Ba4 $3 (14... bxa6 15. Nf3 Qa1+ 16. Kc2) 15. Qc5+ (15.
Qxa4 Qa1+ 16. Kc2 Qxd1#) 15... Kb8 16. Qe5+ Ka8 17. Rd4 (17. Rxd8+ Rxd8 $19)
17... Qa1+ 18. Kd2 Qd1+ 19. Ke3 Rxd4 (19... Rxd4 20. Qxd4 Ng4+ 21. Ke4 Bc6+ 22.
Kf4 e5+ $19) 0-1

[Event "Sochi"]
[Site "Sochi"]
[Date "1993.??.??"]
[Round "?"]
[White "Berelowitsch, Alexander"]
[Black "Obukhov, Alexander"]
[Result "1-0"]
[WhiteElo "2510"]
[BlackElo "2490"]
[Annotator "Berelovich,A"]
[PlyCount "61"]
[EventDate "1993.09.??"]
[EventType "tourn"]
[EventRounds "13"]
[EventCountry "RUS"]
[EventCategory "10"]
[SourceTitle "CBM 038"]
[Source "ChessBase"]
[SourceDate "1994.02.01"]
[SourceVersion "1"]
[SourceVersionDate "1994.02.01"]
[SourceQuality "1"]

1. e4 c5 2. c3 Nf6 3. e5 Nd5 4. d4 cxd4 5. Nf3 Nc6 6. Bc4 e6 7. cxd4 d6 8. O-O
Be7 9. Qe2 O-O 10. Qe4 b6 $2 (10... dxe5 $14) 11. Bd3 $146 (11. h4 $13) 11...
g6 12. Bh6 Re8 13. Nc3 Ncb4 (13... Bb7 14. Nxd5 exd5 15. Qf4 $1) (13... dxe5
14. Bb5 $1 Bb7 15. Nxe5 Nxe5 16. Bxe8 Nc4 17. Ba4 Nxc3 18. Qxb7 Nxa4 19. b3 Rb8
20. Qf3 $14) 14. Be2 Bb7 15. Nxd5 Bxd5 (15... Nxd5 16. Bb5 Nc3 17. Qxb7 Nxb5
18. Rac1 Rb8 19. Qe4 Nc7 $14) 16. Qf4 Bxf3 17. Bxf3 d5 $2 18. Be2 $1 $16 {
() = a3-h3} a6 19. Rfc1 Qd7 20. a3 Nc6 21. Rc3 Rec8 22. Rh3 Rc7 (22... b5 23.
Rd1) 23. Bd3 Qd8 24. Re1 b5 25. Ree3 Rac8 26. Ref3 Bf8 27. g4 $1 $18 (27. Bg5
Nxd4 $1 28. Re3 Rc1+ 29. Bf1 Qb6) 27... Nb8 28. Bg5 Qe8 29. Bf6 Nd7 30. Rxh7
Kxh7 (30... Nxf6 31. Qxf6 Kxh7 32. Rh3+ Bh6 33. g5 Qf8 34. Rxh6+ Qxh6 35. gxh6
Kxh6 36. h4 $18) 31. Rh3+ 1-0

[Event "Wch U20 55th"]
[Site "Bhubaneswar"]
[Date "2016.08.18"]
[Round "10"]
[White "Artemiev, Vladislav"]
[Black "Beradze, Irakli"]
[Result "1-0"]
[WhiteElo "2665"]
[BlackElo "2440"]
[Annotator "Besenthal,K"]
[PlyCount "57"]
[EventDate "2016.08.08"]
[EventType "swiss"]
[EventRounds "13"]
[EventCountry "IND"]
[SourceTitle "CBM 173 Extra"]
[Source "ChessBase"]
[SourceDate "2016.08.29"]
[SourceVersion "1"]
[SourceVersionDate "2016.08.29"]
[SourceQuality "1"]

1. c4 c6 2. e4 d5 3. exd5 cxd5 4. d4 Nf6 5. Nc3 e6 6. Nf3 Bb4 7. cxd5 Nxd5 8.
Bd2 Nc6 9. Bd3 Nf6 10. O-O O-O 11. a3 Be7 12. Be3 b6 13. Qe2 Bb7 14. Rad1 Qc7
15. Bb1 Rad8 16. Bg5 Rfe8 17. Rfe1 Qb8 18. Bh4 Qf4 19. Bxf6 (19. Bg3 Qh6 {
ergäbe nichts. Der Läufer stünde auf g3 weitestgehend wirkungslos.}) 19...
Bxf6 20. d5 Nd4 21. Nxd4 Bxd4 22. Ba2 Kf8 23. dxe6 fxe6 24. Nb5 Ba6 25. Bc4 {
Diagramm [#]} Bf6 $2 ({Wenn Schwarz hier erkannt hätte, wie gefährlich der
weiße Springer zu werden drohte, dann hätte er zweifellos zu} 25... Bxb5 {
gegriffen:} 26. Bxb5 Re7 $14) 26. Rxd8 Bxd8 27. g3 Qb8 {Hält d6 weiterhin
gedeckt.} ({Oder} 27... Qg5 28. Nd6 Bxc4 29. Qxc4 Qd2 30. Rxe6 Rxe6 31. Qxe6
$18) 28. Nd4 (28. Qh5 $1 {war präziser}) 28... Bc8 (28... Bxc4 29. Qxc4 Kg8 {
war zäher.}) 29. Bb5 1-0